Królowie polscy po definicji - dla Ignacego - Statystyki

Ogólne statystyki
  • Ten quiz został rozwiązany 212 razy
  • Średni wynik to 7 z 10
Statystyki odpowiedzi
Hint Odpowiedź % Poprawnych
Pierwszy król Polski Bolesław Chrobry
95%
Ostatni król Polski Stanisław August Poniatowski
91%
Bitwa pod Wiedniem Jan III Sobieski
87%
Król Elekcyjny Henryk Walezy
79%
Rozbicie Dzielnicowe Bolesław Krzywousty
75%
Żonaty z Anną Jagiellonką Stefan Batory
75%
Ostatni z Jagiellonów Zygmunt II August
60%
Król Czech i Polski Wacław II
56%
Król, który stłumił bunt krakowskiego wójta Albreta Władysław Łokietek
54%
Odzyskanie od Krzyżaków ziemi dobrzyńskiej Kazimierz III Wielki
22%
Nie znaleziono quizów pasujących do podanych kryteriów
Rozkład punktacji
Procent ludzi z każdym wynikiem
Percentyl według liczby udzielonych odpowiedzi
Twoja historia wyników
Nie rozwiązałeś tego quizu